Kleinste deutsche Städte, die kreisfrei sind - Statistiken

Allgemein
  • Dieses Quiz wurde 46 mal gespielt
  • Das Durchschnittsergebnis liegt bei 11 aus 20
Antwortstatistiken
Platz Stadt % Korrekt
16 Speyer
76%
18 Neustadt an der Weinstraße
71%
11 Hof
66%
17 Passau
66%
3 Pirmasens
63%
1 Zweibrücken
63%
7 Amberg
56%
6 Ansbach
56%
13 Frankenthal
56%
12 Landau in der Pfalz
56%
19 Schweinfurt
54%
5 Coburg
51%
15 Emden
49%
9 Kaufbeuren
49%
8 Weiden in der Oberpfalz
49%
10 Memmingen
46%
20 Baden-Baden
44%
14 Straubing
44%
2 Suhl
39%
4 Schwabach
37%
Keine übereinstimmenden Quizze gefunden
Verteilung der Resultate
Anzahl Personen mit jedem Resultat
Perzentil nach korrekt beantworteten Fragen
Ihre Resultats-Entwicklung
Sie haben dieses Quiz noch nicht gespielt